| 000 | 01509cam a2200265 a 4500 | ||
|---|---|---|---|
| 999 |
_c4020 _d4020 |
||
| 001 | 2314994 | ||
| 003 | GBCCL | ||
| 005 | 20241126110509.0 | ||
| 008 | 810805s1981 miu b 000 0 eng | ||
| 010 | _a 81013081 | ||
| 020 | _z031044461X (pbk.) | ||
| 040 |
_aDLC _cDLC _dDLC |
||
| 050 | 0 | 0 |
_aBV4501.2 _b.D54 |
| 082 | 0 | 0 |
_a253.7 _219 _bDIS |
| 245 | 0 | 0 |
_aDiscipleship : _bwhat you have heard from me...entrust to faithful men who will be able to teach others also/ / _cedited by Billie Hanks, Jr. and William A. Shell. |
| 260 |
_aGrand Rapids, Mich. : _bZondervan Pub. House ; _aFort Worth, Tex. : _bInternational Evangelical Association, _cc1981. |
||
| 300 |
_a190 p. ; _c20 cm. |
||
| 504 | _aBibliography: p. 190. | ||
| 505 | 0 | _aThe vision for multiplication / Billie Hanks, Jr. -- The Master and His plan / Robert E. Coleman -- Selection of disciples / Robert E. Coleman -- Association with Jesus / Robert E. Coleman -- The need for multiplying disciples / LeRoy Eims -- Multiplying your efforts / Walter A. Henrichsen -- Disciple making and the church / Billie Hanks, Jr. -- Follow-up / Gary W. Kuhne -- Developing a meaningful relationship / Gary W. Kuhne -- Character development / William A. Shell and LeRoy Eims -- Discipleship as a lifestyle / Gene Warr -- The need of the hour / Dawson E. Trotman. | |
| 650 | 0 |
_aDiscipling (Christianity) _94375 |
|
| 700 | 1 |
_aHanks, Billie. _99077 |
|
| 700 | 1 |
_aShell, William A. _91838 |
|
| 906 |
_a7 _bcbc _corignew _d1 _eocip _f19 _gy-gencatlg |
||
| 942 |
_2ddc _cBK _03 |
||